Grammaire en dialogues
Saved in:
| Main Author: | |
|---|---|
| Format: | Book |
| Language: | English |
| Published: |
CLE International
2007
|
| Tags: |
Add Tag
No Tags, Be the first to tag this record!
|
MARC
| LEADER | 00000nam a22000007a 4500 | ||
|---|---|---|---|
| 008 | 231013b |||||||| |||| 00| 0 eng d | ||
| 020 | |a 9782090352160 | ||
| 100 | |a MIQUEL, Claire | ||
| 245 | |a Grammaire en dialogues |c / Claire Miquel |g 128p. | ||
| 260 | |b CLE International |c 2007 |h Paris |i 674023 |l PC2065.L47M67 |m French language - Grammar |m French language |m French language - Composition and exercises |m Oral communication |m French language - Spoken French |m French language - Study and teaching | ||
| 500 | |a "Accompanied with a CD" | ||
| 942 | |a lcc |c BK |e A.R.Akinniyi |f 13:10:2023 | ||
| 952 | |0 0 |1 0 |2 lcc |4 0 |6 PC2065 L47 M67 |7 0 |9 4570 |a HOL |b HOL |c LP |d 2023-10-13 |l 0 |o PC2065.L47M67 |p 2023-0491 |r 2023-10-13 00:00:00 |t 674023 |w 2023-10-13 |y BK | ||
| 999 | |c 2292 |d 2292 | ||